ARRUPE JESUIT UNIVERSITY

CORONAVIRUS -STOP THE SPREAD - CLEAN,DISINFECT,COVER

Whirlwind before the storm : (Record no. 128331)

MARC details
000 -LEADER
fixed length control field 01466cam a2200361 a 4500
001 - CONTROL NUMBER
control field 449882
003 - CONTROL NUMBER IDENTIFIER
control field ARRUPE
005 - DATE AND TIME OF LATEST TRANSACTION
control field 20181008122153.0
008 - FIXED-LENGTH DATA ELEMENTS--GENERAL INFORMATION
fixed length control field 830906s1980 enkaf b 001 0 eng
010 ## - LIBRARY OF CONGRESS CONTROL NUMBER
LC control number 82150378
020 ## - INTERNATIONAL STANDARD BOOK NUMBER
International Standard Book Number 0904759377 (pbk.) :
Terms of availability £4.00
020 ## - INTERNATIONAL STANDARD BOOK NUMBER
International Standard Book Number 0904759369 (hard)
040 ## - CATALOGING SOURCE
Original cataloging agency DLC
Transcribing agency DLC
Modifying agency DLC
043 ## - GEOGRAPHIC AREA CODE
Geographic area code f-sa---
050 00 - LIBRARY OF CONGRESS CALL NUMBER
Classification number DT944.J66
Item number S63 1980
082 00 - DEWEY DECIMAL CLASSIFICATION NUMBER
Classification number 968.2/21
Edition number 19
300 ## - PHYSICAL DESCRIPTION
Other physical details ill. ;
Dimensions 22 cm.
100 1# - MAIN ENTRY--PERSONAL NAME
Personal name Brooks, Alan,
Dates associated with a name 1940-
9 (RLIN) 42806
245 10 - TITLE STATEMENT
Title Whirlwind before the storm :
Remainder of title the origins and development of the uprising in Soweto and the rest of South Africa from June to December 1976 /
Statement of responsibility, etc by Alan Brooks and Jeremy Brickhill.
260 ## - PUBLICATION, DISTRIBUTION, ETC. (IMPRINT)
Place of publication, distribution, etc London :
Name of publisher, distributor, etc International Defence and Aid Fund for Southern Africa,
Date of publication, distribution, etc 1980.
300 ## - PHYSICAL DESCRIPTION
Extent 367 p. ;
504 ## - BIBLIOGRAPHY, ETC. NOTE
Bibliography, etc Includes bibliographic references and index.
650 #0 - SUBJECT ADDED ENTRY--TOPICAL TERM
Topical term or geographic name as entry element Black nationalism
Geographic subdivision South Africa.
9 (RLIN) 532
650 #0 - SUBJECT ADDED ENTRY--TOPICAL TERM
Topical term or geographic name as entry element Blacks
Geographic subdivision South Africa
General subdivision Politics and government.
9 (RLIN) 9420
650 #0 - SUBJECT ADDED ENTRY--TOPICAL TERM
Topical term or geographic name as entry element Soweto (South Africa)
General subdivision History
9 (RLIN) 39515
650 #0 - SUBJECT ADDED ENTRY--TOPICAL TERM
Topical term or geographic name as entry element Political crimes and offenses
Geographic subdivision South Africa.
9 (RLIN) 42807
650 #0 - SUBJECT ADDED ENTRY--TOPICAL TERM
Topical term or geographic name as entry element Riots
Geographic subdivision South Africa
-- Soweto.
9 (RLIN) 39517
651 #0 - SUBJECT ADDED ENTRY--GEOGRAPHIC NAME
Geographic name South Africa
General subdivision Race relations.
9 (RLIN) 42808
700 1# - ADDED ENTRY--PERSONAL NAME
Personal name Brickhill, Jeremy.
9 (RLIN) 42809
710 2# - ADDED ENTRY--CORPORATE NAME
Corporate name or jurisdiction name as entry element International Defence and Aid Fund.
9 (RLIN) 23797
906 ## - LOCAL DATA ELEMENT F, LDF (RLIN)
a 7
b cbc
c orignew
d 3
e ncip
f 19
g y-gencatlg
942 ## - ADDED ENTRY ELEMENTS (KOHA)
Source of classification or shelving scheme Library of Congress Classification
Koha item type Monograph ( Printed materials)
Holdings
Withdrawn status Lost status Source of classification or shelving scheme Damaged status Not for loan Collection code Home library Current library Shelving location Date acquired Total Checkouts Full call number Barcode Date last seen Price effective from Koha item type
    Library of Congress Classification     Main Collection ARRUPE LIBRARY ARRUPE LIBRARY Main Collection 08/10/2018   DT944.J66 S63 1980 46600002893 08/10/2018 08/10/2018 Monograph ( Printed materials)

 

Arrupe Library. PO Box MP320 Mt Pleasant, Harare, Zimbabwe
263 242 745411|librarian@aju.ac.zw